Normal view
MARC view
Entry Personal Name
001 - CONTROL NUMBER
- control field: 34787
003 - CONTROL NUMBER IDENTIFIER
- control field: ARRUPE
005 - DATE AND TIME OF LATEST TRANSACTION
- control field: 20170816095634.0
008 - FIXED-LENGTH DATA ELEMENTS
- fixed length control field: 170816|| aca||aabn | a|a d
040 ## - CATALOGING SOURCE
- Original cataloging agency: ARRUPE
- Transcribing agency: ARRUPE
100 ## - HEADING--PERSONAL NAME
- Personal name: Madges, William,
- Dates associated with a name: 1952-
- Relator term: translator.
670 ## - SOURCE DATA FOUND
- Source citation: Work cat.: (ARRUPE)0: Kasper, Walter, 1933- 34783, The gospel of the family /, 2014